Manual de Funciones y Procesos en la empresa Radio ABC Stereo Estelí
El presente documento es una herramienta desarrollada con el objetivo de ayudar a la empresa a organizarse de forma adecuada en cuanto a sus funciones y procesos de la misma, actualmente esta organización no cuenta con un manual de funciones y procesos.
| Main Author: | |
|---|---|
| Other Authors: | |
| Format: | Tesis Section = Libro |
| Language: | Undetermined Spanish |
| Published: |
Managua
UNI/RUACS
2016
|
| Subjects: |
| LEADER | 01056nam a2200253Ia 4500 | ||
|---|---|---|---|
| 008 | 240830s9999 xx 000 0 und d | ||
| 040 | |a BIBLIOTECA-RUPAP T.Mon 658.402 P984 | ||
| 041 | |a spa | ||
| 082 | |a T.Mon 658.402 P984 | ||
| 100 | 1 | |a Pupiro Rodríguez, Liliette Josefina | |
| 245 | 1 | 0 | |a Manual de Funciones y Procesos en la empresa Radio ABC Stereo Estelí |
| 260 | |a Managua |b UNI/RUACS |c 2016 | ||
| 300 | |a 63 p. :il. | ||
| 500 | |a Contiene: anexos e Incluye: CD. | ||
| 502 | |a Tesis (Ingeniero de Sistemas)- UNI, 2016. | ||
| 520 | 3 | |a El presente documento es una herramienta desarrollada con el objetivo de ayudar a la empresa a organizarse de forma adecuada en cuanto a sus funciones y procesos de la misma, actualmente esta organización no cuenta con un manual de funciones y procesos. | |
| 650 | 7 | |a ESTRUCTURA ORGANIZACIONAL-EMPRESA | |
| 650 | 7 | |b ADMINISTRACION. | |
| 650 | 7 | |c DESCRIPCION DE CARGOS | |
| 650 | 7 | |d MANUAL DE FUNCIONES | |
| 700 | 1 | |a Tutor: |b Parrales Castillo, Víctor Manuel | |
| 942 | |c BK |2 ddc | ||
| 991 | |a TESIS | ||
| 999 | |c 18629 | ||